[Event "Pan American-ch School U13 Girls 12th"]
[Site "Callao"]
[Date "2023.10.20"]
[Round "8"]
[White "Barreto Pulido, Mariana"]
[Black "Matos Tarazona, Nadine Fiorela"]
[Result "1/2-1/2"]
[WhiteElo "1128"]
[BlackElo "1062"]
[PlyCount "42"]
[EventDate "2023.10.16"]
[EventType "swiss"]
[EventRounds "9"]
[EventCountry "PER"]
[SourceTitle "Mega2024 Update 01"]
[Source "Chessbase"]
[SourceDate "2023.11.12"]
[SourceVersion "1"]
[SourceVersionDate "2023.11.12"]
[SourceQuality "1"]

1. e4 Nc6 2. d4 d6 3. Nc3 g6 4. Be3 Bg7 5. f3 Nf6 6. Bd3 0-0 7. Nge2 e5 8. d5 Ne7 9. g4 c6 10. Bc4 cxd5 11. Nxd5 Nexd5 12. Bxd5 Qc7 13. Nc3 Be6 14. Rc1 Rad8 15. Qd2 Qa5 16. a3 b6 17. h4 h5 18. g5 Nh7 19. Rf1 Rfe8 20. Rg1 Nf8 21. Rf1 Kh7 1/2-1/2

[Event "Pan American-ch School U13 Girls 12th"]
[Site "Callao"]
[Date "2023.10.16"]
[Round "2"]
[White "Barreto Pulido, Mariana"]
[Black "Torres Caballero, Sofia Anabela"]
[Result "0-1"]
[WhiteElo "1128"]
[BlackElo "1294"]
[PlyCount "146"]
[EventDate "2023.10.16"]
[EventType "swiss"]
[EventRounds "9"]
[EventCountry "PER"]
[SourceTitle "Mega2024 Update 01"]
[Source "Chessbase"]
[SourceDate "2023.11.12"]
[SourceVersion "1"]
[SourceVersionDate "2023.11.12"]
[SourceQuality "1"]

1. e4 c5 2. Nf3 Nc6 3. d4 cxd4 4. Nxd4 Nf6 5. Nc3 e5 6. Nb3 Bb4 7. f3 d5 8. Bd2 dxe4 9. Nxe4 Bxd2+ 10. Qxd2 Qxd2+ 11. Nbxd2 Nxe4 12. Nxe4 0-0 13. Bc4 Kh8 14. 0-0 Bf5 15. Rad1 Bg6 16. Rd7 Na5 17. Bd3 Rfd8 18. Rxd8+ Rxd8 19. Re1 Nc6 20. a3 b6 21. Kf1 Kg8 22. Nf2 f5 23. Rd1 Kf8 24. Re1 f4 25. Bxg6 hxg6 26. Rd1 Rc8 27. Rd7 Nd4 28. c3 Nb5 29. Ne4 Rc7 30. Rxc7 Nxc7 31. Ke2 Nd5 32. g3 Ke7 33. Kd3 Ne3 34. gxf4 exf4 35. Ke2 Nc4 36. Nf2 Nxb2 37. Nh3 Nc4 38. Nxf4 Kf7 39. Nd3 Nxa3 40. Ne5+ Kf6 41. Ng4+ Ke6 42. Kd3 Nb5 43. Ne3 Nd6 44. Kd4 Nf5+ 45. Nxf5 gxf5 46. f4 Kd6 47. Kc4 a5 48. Kb5 Kd5 49. c4+ Kd4 50. Kxb6 a4 51. c5 a3 52. c6 a2 53. c7 a1Q 54. c8Q Qb2+ 55. Ka7 Qa3+ 56. Kb7 Qb4+ 57. Ka6 Qc4+ 58. Qxc4+ Kxc4 59. Kb6 Kd4 60. Kc6 Ke4 61. Kd6 Kxf4 62. Ke6 g5 63. Kf6 Ke4 64. Kxg5 f4 65. Kg4 Ke3 66. h4 f3 67. h5 f2 68. h6 f1Q 69. Kg5 Qf4+ 70. Kg6 Qg4+ 71. Kf7 Qh5+ 72. Kg7 Qg5+ 73. Kh7 Kf4 0-1

[Event "COL-ch U18 Girls"]
[Site "Bogota"]
[Date "2023.05.11"]
[Round "1"]
[White "Barreto Pulido, Mariana"]
[Black "Morales Perez, Ghisell"]
[Result "0-1"]
[WhiteElo "1147"]
[BlackElo "1423"]
[PlyCount "86"]
[EventDate "2023.05.11"]
[EventType "swiss"]
[EventRounds "7"]
[EventCountry "COL"]
[SourceTitle "CBM 214 Extra"]
[Source "ChessBase"]
[SourceDate "2023.07.31"]
[SourceVersion "1"]
[SourceVersionDate "2023.07.31"]
[SourceQuality "1"]

1. e4 c5 2. Nf3 d6 3. d4 cxd4 4. Nxd4 Nf6 5. Nc3 a6 6. f3 e5 7. Nb3 Be7 8. Be3 Be6 9. Qd2 Nbd7 10. Be2 Nb6 11. 0-0 d5 12. exd5 Nbxd5 13. Nxd5 Nxd5 14. Bf2 Qc7 15. Bg3 Rd8 16. c3 0-0 17. Rad1 Nf4 18. Qc2 Nd5 19. Qe4 Nf4 20. Bxf4 exf4 21. Bd3 g6 22. Rfe1 Bf6 23. Qe2 Bh4 24. Rf1 Rfe8 25. Qc2 Rxd3 26. Qxd3 Bc4 27. Qc2 Bxf1 28. Rxf1 Qc4 29. Qd1 Qb5 30. Qd2 g5 31. Nd4 Qe5 32. Rd1 Be1 33. Qd3 h5 34. Rb1 g4 35. fxg4 hxg4 36. Qd1 f3 37. gxf3 Qe3+ 38. Kh1 Qf2 39. Qd3 g3 40. hxg3 Qxg3 41. Qf1 Qh4+ 42. Kg1 Kh8 43. Ne2 Rg8+ 0-1

[Event "COL-ch U10"]
[Site "Bogota"]
[Date "2021.03.25"]
[Round "3"]
[White "Rozo Cruz, Tania Sofia"]
[Black "Barreto Pulido, Mariana"]
[Result "0-1"]
[WhiteElo "1163"]
[BlackElo "1154"]
[PlyCount "88"]
[EventDate "2021.03.24"]
[EventType "swiss"]
[EventRounds "7"]
[EventCountry "COL"]
[SourceTitle "EXT 2022"]
[Source "ChessBase"]
[SourceDate "2021.10.06"]
[SourceVersion "1"]
[SourceVersionDate "2021.10.06"]
[SourceQuality "1"]

1. e4 c5 2. Bc4 d6 3. Nf3 Nf6 4. Nc3 g6 5. d3 Bg7 6. 0-0 Nc6 7. d4 cxd4 8. Nxd4 0-0 9. Bd5 Nxd5 10. Nxc6 Nxc3 11. bxc3 bxc6 12. c4 Bxa1 13. Ba3 Be5 14. Qc1 f5 15. Qe3 fxe4 16. Qxe4 Qb6 17. c5 Bf5 18. Qc4+ d5 19. Qe2 Qa5 20. Qe3 Bf6 21. Qb3 Rab8 22. Qf3 Qc3 23. Bc1 Qxf3 24. gxf3 Bxc2 25. Bf4 Rb1 26. Rxb1 Bxb1 27. a3 Bd4 28. Bh6 Rxf3 29. Be3 Bxe3 30. fxe3 Rxe3 31. a4 Re2 32. Kh1 Kf7 33. h4 Kf6 34. Kg1 Kf5 35. Kf1 Ra2 36. Ke1 Ke4 37. Kd1 Rh2 38. a5 Ke3 39. a6 e5 40. Kc1 Kd3 41. Kxb1 Kc3 42. Ka1 Kb3 43. h5 gxh5 44. Kb1 Rh1# 0-1